Deutsche Städte und ihre Beinamen - Statistiken

Allgemein
  • Dieses Quiz wurde 73 mal gespielt
  • Das Durchschnittsergebnis liegt bei 12 aus 34
Antwortstatistiken
Stadt % Korrekt
Wolfsburg Auto -stadt
79%
Stuttgart Auto -stadt
79%
Köln Dom -stadt
73%
Hamburg Hanse -stadt
70%
Lübeck Hanse -stadt
70%
Bremen Hanse -stadt
70%
Rostock Hanse -stadt
70%
Wismar Hanse -stadt
70%
Wittenberg Luther -stadt
60%
Augsburg Fugger -stadt
54%
Karnevals -stadt
48%
Mainz Karnevals -stadt
48%
Düsseldorf Karnevals -stadt
48%
Hafen -stadt
39%
Leipzig Messe -stadt
30%
Frankfurt Messe -stadt
30%
Hannover Messe -stadt
30%
Aachen Kaiser -stadt
28%
Marzipan -stadt
27%
Dresden Elb -stadt
24%
Altenburg Skat -stadt
22%
Bundes -stadt
19%
Eisenach Wartburg -stadt
19%
Universitäts -stadt
18%
Erfurt Universitäts -stadt
18%
Bonn Beethoven -stadt
12%
Goethe -stadt
10%
Berlin Bundeshaupt -stadt
9%
Mönchengladbach Vitus -stadt
4%
Mozart -stadt
3%
Barbarossa -stadt
1%
Kaiserlautern Barbarossa -stadt
1%
Leverkusen Farben -stadt
1%
Helden -stadt
1%
Keine übereinstimmenden Quizze gefunden
Verteilung der Resultate
Anzahl Personen mit jedem Resultat
Perzentil nach korrekt beantworteten Fragen
Ihre Resultats-Entwicklung
Sie haben dieses Quiz noch nicht gespielt